[Event "60. BEM 2006"]
[Site "Dortmund"]
[Date "2006.03.07"]
[Round "2.13"]
[White "Duschek, Günter"]
[Black "Hartung, Thomas"]
[Result "0-1"]
[WhiteElo "1674"]
[BlackElo "1866"]
[PlyCount "72"]
[EventDate "2006.??.??"]
[Source "SG Dortmund"]
[SourceDate "2004.12.16"]

1. d4 Nf6 2. Nf3 d5 3. Bf4 c6 4. c3 Bf5 5. Qb3 Qb6 6. Nbd2 Nbd7 7. Ne5 e6 8. h3
h6 9. g4 Bh7 10. Bg2 c5 11. Nxd7 Nxd7 12. Qxb6 axb6 13. e3 Be7 14. Bf1 c4 15.
e4 O-O 16. exd5 exd5 17. Bg2 Nf6 18. O-O b5 19. Rfe1 Rfe8 20. a3 Kf8 21. Be5
Rad8 22. Bxf6 Bxf6 23. Rxe8+ Rxe8 24. Bxd5 Re2 25. Nf3 Rxb2 26. Bxb7 Rb3 27.
Bc6 Rxc3 28. Re1 g5 29. Re3 Rb3 30. Re8+ Kg7 31. Nd2 Rb2 32. Bxb5 Rxd2 33. Bxc4
Bxd4 34. Re7 Rxf2 35. Kh1 Bc5 36. a4 Bxe7 0-1

[Event "60. BEM 2006"]
[Site "Dortmund"]
[Date "2006.03.07"]
[Round "2.14"]
[White "Hoppe, Dirk"]
[Black "Sennholz, Michael"]
[Result "1-0"]
[WhiteElo "1861"]
[BlackElo "1674"]
[PlyCount "64"]
[EventDate "2006.??.??"]
[Source "SG Dortmund"]
[SourceDate "2004.12.16"]

1. e4 e5 2. Nf3 Nf6 3. Nc3 Nc6 4. d4 exd4 5. Nd5 Nxd5 6. exd5 Nb4 7. Nxd4 Bc5
8. Nb3 Qe7+ 9. Be2 b6 10. O-O O-O 11. Bf3 Bd6 12. c3 Na6 13. Re1 Qf6 14. Nd4
Bb7 15. g3 Rfe8 16. Be3 Re5 17. c4 Rae8 18. a3 g6 19. Qd2 Bc5 20. Kg2 h5 21. b4
Bf8 22. h4 c6 23. Bg5 Qg7 24. dxc6 dxc6 25. Nxc6 Bxc6 26. Bxc6 R8e6 27. Bd5 Re8
28. Bf4 Rxe1 29. Rxe1 Rxe1 30. Qxe1 Kh7 31. Bb7 Qb2 32. Bxa6 Qxa3 1-0

[Event "60. BEM 2006"]
[Site "Dortmund"]
[Date "2006.03.07"]
[Round "2.15"]
[White "Raskin, Vitali"]
[Black "Hardt, Helmut"]
[Result "0-1"]
[WhiteElo "1663"]
[BlackElo "1861"]
[PlyCount "119"]
[EventDate "2006.??.??"]
[Source "SG Dortmund"]
[SourceDate "2004.12.16"]

1. d4 Nf6 2. c4 c5 3. d5 b5 4. cxb5 Qa5+ 5. Nc3 a6 6. bxa6 Bxa6 7. Nf3 g6 8. g3
Bg7 9. Bd2 O-O 10. Bg2 d6 11. O-O Nbd7 12. Re1 Rfb8 13. Qc2 Ng4 14. Rab1 Nge5
15. b3 Bc8 16. a4 Qb6 17. Bg5 f6 18. Bd2 Nxf3+ 19. exf3 Bf8 20. f4 Qb7 21. f5
g5 22. Qe4 Ne5 23. f4 Nf7 24. fxg5 fxg5 25. Qg4 h6 26. h4 Qd7 27. Be4 Rb4 28.
Nb5 Ne5 29. Qe2 Rxe4 30. Qxe4 g4 31. Kg2 h5 32. Rf1 Bg7 33. Qf4 Bb7 34. Nc3 Ba6
35. Rfd1 Rf8 36. Qe3 Rxf5 37. Nb5 Bb7 38. Bc3 Rf3 39. Qe2 Rf5 40. Rbc1 Qe8 41.
Nc7 Qb8 42. Ne6 Bh6 43. Rb1 Qa8 44. Qe4 Rf6 45. Nf4 Qf8 46. Rf1 Ba6 47. Rf2
Bxf4 48. Rxf4 Bd3 49. Qe1 Rxf4 50. gxf4 Qxf4 51. Bxe5 Qf3+ 52. Kg1 Bxb1 53.
Qxb1 Qe3+ 54. Kf1 Qxe5 55. Qg6+ Kf8 56. Qe6 Qa1+ 57. Ke2 Qb2+ 58. Kf1 Qc1+ 59.
Ke2 Qc2+ 60. Kf1 {nebst (fraglich) Zeitueberschreitung von Weiss?} 0-1

[Event "60. BEM 2006"]
[Site "Dortmund"]
[Date "2006.03.07"]
[Round "2.16"]
[White "Ziperstein, Jakob"]
[Black "Ewers, Christian"]
[Result "1-0"]
[WhiteElo "1838"]
[BlackElo "1662"]
[PlyCount "51"]
[EventDate "2006.??.??"]
[Source "SG Dortmund"]
[SourceDate "2004.12.16"]

1. e4 e5 2. Nf3 Nc6 3. Nc3 f5 4. d4 exd4 5. Nxd4 Nxd4 6. Qxd4 c6 7. Be2 Qf6 8.
e5 Qe6 9. Bf4 Nh6 10. O-O-O b5 11. Bf3 Rb8 12. Qxa7 Rb7 13. Qa8 Kd8 14. Qa6 Kc7
15. Rhe1 Kb8 16. Be3 f4 17. Bxf4 Bc5 18. Ne4 Bxf2 19. Nxf2 Ra7 20. Qb6+ Rb7 21.
Qc5 Nf7 22. Re3 b4 23. Rb3 h5 24. Rxb4 g5 25. Be3 Qxa2 26. Rd3 1-0

[Event "60. BEM 2006"]
[Site "Dortmund"]
[Date "2006.03.07"]
[Round "2.17"]
[White "Vojdani, Bahram"]
[Black "Gorzinski, Dariusz"]
[Result "0-1"]
[WhiteElo "1657"]
[BlackElo "1830"]
[PlyCount "74"]
[EventDate "2006.??.??"]
[Source "SG Dortmund"]
[SourceDate "2004.12.16"]

1. d4 f5 2. c4 Nf6 3. Nc3 g6 4. Nf3 d6 5. e3 Bg7 6. Bd3 O-O 7. O-O a5 8. Bd2
Nc6 9. a3 e5 10. dxe5 dxe5 11. Be2 e4 12. Ng5 Ne5 13. f4 exf3 14. Nxf3 Nxf3+
15. Bxf3 c6 16. c5 Be6 17. Qc2 Qe7 18. Ne2 a4 19. Nd4 Bf7 20. Rae1 Nd7 21. Be2
Nxc5 22. Bc4 Ne4 23. Bxf7+ Qxf7 24. Nf3 Nxd2 25. Nxd2 Rfd8 26. Rf4 Be5 27. Rb4
Bf6 28. Nf3 Qd5 29. e4 fxe4 30. Rbxe4 Qa5 31. R4e2 Qb6+ 32. Kh1 Rd5 33. Re4
Rad8 34. R4e2 Qc7 35. Re8+ Rxe8 36. Rxe8+ Kg7 37. Re1 b5 0-1

[Event "60. BEM 2006"]
[Site "Dortmund"]
[Date "2006.03.07"]
[Round "2.18"]
[White "Zelt, Jens"]
[Black "Pachura, Karl-Heinz"]
[Result "1-0"]
[WhiteElo "2036"]
[BlackElo "1309"]
[PlyCount "123"]
[EventDate "2006.??.??"]
[Source "SG Dortmund"]
[SourceDate "2004.12.16"]

1. d4 d5 2. Nf3 e6 3. Bf4 Bd6 4. Bg3 Bxg3 5. hxg3 Qe7 6. c3 Nd7 7. e3 c6 8. Qc2
Nh6 9. Bd3 f5 10. Nbd2 Nf7 11. O-O-O g6 12. Nh2 e5 13. dxe5 Ndxe5 14. Be2 Nd6
15. f3 Be6 16. Qa4 Ndc4 17. Nxc4 Nxc4 18. Bxc4 dxc4 19. Rhe1 O-O 20. Nf1 Qc7
21. Rd4 b5 22. Qc2 c5 23. Rd2 Rad8 24. Red1 a5 25. a3 Rd7 26. Rxd7 Bxd7 27. Qd2
Bc6 28. Qd6 Qxd6 29. Rxd6 Rc8 30. Nh2 b4 31. g4 Kf7 32. gxf5 Ke7 33. Re6+ Kf7
34. e4 bxa3 35. bxa3 Ba4 36. Ng4 g5 37. Ne5+ Kg8 38. Rd6 Re8 39. Nxc4 g4 40.
Kd2 gxf3 41. gxf3 Re7 42. Ke3 Rd7 43. Rxd7 Bxd7 44. Nxa5 h5 45. Kf4 Kg7 46. Kg5
Be8 47. Nc4 Bf7 48. Nb6 h4 49. Kxh4 Kf6 50. f4 Ke7 51. e5 Bg8 52. Kg5 c4 53. e6
Kd6 54. Nxc4+ Ke7 55. a4 Bxe6 56. fxe6 Kxe6 57. f5+ Kd5 58. f6 Ke6 59. Kg6 Kd7
60. f7 Ke7 61. Kg7 Ke6 62. a5 1-0

[Event "60. BEM 2006"]
[Site "Dortmund"]
[Date "2006.03.07"]
[Round "2.19"]
[White "Ziemek, Gerhard"]
[Black "Mueller, Siegfried"]
[Result "1-0"]
[WhiteElo "1591"]
[BlackElo "1555"]
[PlyCount "89"]
[EventDate "2006.??.??"]
[Source "SG Dortmund"]
[SourceDate "2004.12.16"]

1. d4 Nf6 2. c4 g6 3. Nc3 Bg7 4. e4 d6 5. Nf3 c5 6. d5 O-O 7. Be2 Na6 8. O-O
Nc7 9. Bg5 a6 10. Qc2 Bd7 11. a4 Rb8 12. Rab1 b5 13. e5 Nfe8 14. exd6 Nxd6 15.
cxb5 axb5 16. axb5 Bf5 17. Bd3 Bxd3 18. Qxd3 Ncxb5 19. Nxb5 Rxb5 20. b3 f6 21.
Bf4 Qb6 22. Rfe1 Qb7 23. Nd2 Rb4 24. Bxd6 exd6 25. Nc4 Rd8 26. Re6 Qb8 27. h3
f5 28. g3 Bf8 29. h4 Re8 30. Qe3 Rd8 31. Na5 Re4 32. Rxe4 fxe4 33. Nc6 Qc7 34.
Nxd8 Qxd8 35. Qxe4 Qe7 36. Qc4 Bg7 37. b4 Bd4 38. b5 Qe4 39. Qa2 c4 40. b6 c3
41. b7 Ba7 42. b8=Q+ Bxb8 43. Rxb8+ Kg7 44. Qa7+ Kf6 45. Rf8+ 1-0

[Event "60. BEM 2006"]
[Site "Dortmund"]
[Date "2006.03.07"]
[Round "2.20"]
[White "Baier, Jörg"]
[Black "Noori, Mir Ahmad"]
[Result "1-0"]
[WhiteElo "1388"]
[BlackElo "1639"]
[PlyCount "113"]
[EventDate "2006.??.??"]
[Source "SG Dortmund"]
[SourceDate "2004.12.16"]

1. e4 g6 2. d4 Bg7 3. Nf3 e6 4. Bd3 d6 5. O-O Ne7 6. c3 O-O 7. Be3 Nd7 8. Nbd2
a6 9. a4 b6 10. Nc4 Bb7 11. Na3 c5 12. Nc4 cxd4 13. Bxd4 Nc5 14. e5 dxe5 15.
Bxc5 bxc5 16. Ncxe5 Qc7 17. Re1 Rad8 18. Qe2 a5 19. Bb5 Bxf3 20. Nxf3 Nd5 21.
g3 Qb6 22. Rad1 h6 23. Ne5 Ne7 24. Nd7 Rxd7 25. Rxd7 Nd5 26. h4 h5 27. Qf3 Nf6
28. Rb7 Qd6 29. Rd1 Qe5 30. Ra7 Ng4 31. Rxa5 g5 32. Ra8 gxh4 33. Rxf8+ Bxf8 34.
Qf4 hxg3 35. Qxe5 gxf2+ 36. Kf1 Nxe5 37. Kxf2 Ng4+ 38. Kf3 Be7 39. Rg1 Kh7 40.
a5 c4 41. Rd1 f5 42. Rd7 Ne5+ 43. Kf4 Nxd7 44. Bxd7 Bd6+ 45. Kg5 f4 46. Bxe6 f3
47. Bxc4 Kg7 48. Kxh5 Kf6 49. b4 Ke5 50. Kg4 f2 51. Kf3 Bb8 52. Kxf2 Ke4 53.
Ke2 Ba7 54. b5 Ke5 55. b6 Bb8 56. a6 Kd6 57. a7 1-0

[Event "60. BEM 2006"]
[Site "Dortmund"]
[Date "2006.03.07"]
[Round "2.21"]
[White "Gennat, Egon L"]
[Black "Orlowski, Wilfried"]
[Result "0-1"]
[WhiteElo "1380"]
[BlackElo "1590"]
[PlyCount "90"]
[EventDate "2006.??.??"]
[Source "SG Dortmund"]
[SourceDate "2004.12.16"]

1. e4 c5 2. Nf3 d6 3. c3 Nc6 4. Bb5 a6 5. Bxc6+ bxc6 6. O-O d5 7. e5 Bg4 8. h3
Bxf3 9. Qxf3 e6 10. d4 cxd4 11. cxd4 c5 12. Qb3 Qb8 13. Nd2 cxd4 14. Qa4+ Qb5
15. Qxd4 Ne7 16. a4 Qc6 17. b4 Nf5 18. Qb2 Rb8 19. b5 Qc8 20. g4 Nh4 21. b6 Bc5
22. a5 Qb7 23. Qc2 Rc8 24. Qd3 O-O 25. Kh2 Bb4 26. f3 Bc3 27. Ra4 Bxe5+ 28. f4
Rc3 29. Qe2 Bd6 30. Bb2 Rc2 31. Be5 Bxe5 32. fxe5 Rfc8 33. Raf4 Rf8 34. Qd3 Qc6
35. R1f2 Ng6 36. Rb4 Nxe5 37. Qxa6 Nf3+ 38. Kg2 Nxd2 39. Rd4 Nb3 40. Rdf4 Rxf2+
41. Rxf2 Ra8 42. Qd3 Nxa5 43. Rc2 Qxb6 44. Qc3 Nc4 45. Qf3 Ne3+ 0-1

[Event "60. BEM 2006"]
[Site "Dortmund"]
[Date "2006.03.07"]
[Round "2.22"]
[White "Rzoczek, Christoph"]
[Black "Krüger, Inge"]
[Result "1-0"]
[WhiteElo "1577"]
[BlackElo "1351"]
[PlyCount "115"]
[EventDate "2006.??.??"]
[Source "SG Dortmund"]
[SourceDate "2004.12.16"]

1. e4 e6 2. d4 d5 3. e5 c5 4. Nf3 cxd4 5. Nxd4 Ne7 6. Bd3 Nec6 7. Nf3 Nd7 8.
Qe2 Be7 9. O-O O-O 10. c3 h6 11. Bc2 a6 12. Nbd2 b5 13. Nb3 Rb8 14. Bf4 Re8 15.
Rfe1 Nf8 16. h3 a5 17. Nfd4 Nxd4 18. Nxd4 Bd7 19. Qg4 g5 20. Bg3 Kh8 21. Qh5
Kg7 22. f4 f5 23. exf6+ Bxf6 24. fxg5 hxg5 25. Bd6 Be7 26. Bxb8 Qxb8 27. Rf1
Bf6 28. Rxf6 Kxf6 29. Rf1+ Ke7 30. Qxg5+ Kd6 31. Qf4+ Kc5 32. b4+ axb4 33.
cxb4+ Kb6 34. Qf2 Ka6 35. Nb3 Kb7 36. Nc5+ Ka8 37. Rc1 Qa7 38. Qd4 Bc6 39. Qf2
e5 40. Ra1 e4 41. a4 Qg7 42. Qe1 Ng6 43. axb5+ Kb8 44. bxc6 Re7 45. Qg3+ Rc7
46. Qxc7+ Qxc7 47. Na6+ Kc8 48. Nxc7 Kxc7 49. Kf2 Ne5 50. h4 Kxc6 51. Ba4+ Kd6
52. Rd1 Ng4+ 53. Kg3 Ne3 54. h5 Nf5+ 55. Kf4 Ne7 56. h6 Ng6+ 57. Kg5 Nf8 58.
Bb3 1-0

[Event "60. BEM 2006"]
[Site "Dortmund"]
[Date "2006.03.07"]
[Round "2.23"]
[White "Benke, Werner"]
[Black "Sölbrandt, Robin"]
[Result "1-0"]
[WhiteElo "1552"]
[BlackElo "1336"]
[PlyCount "87"]
[EventDate "2006.??.??"]
[Source "SG Dortmund"]
[SourceDate "2004.12.16"]

1. e4 e5 2. Nf3 Nc6 3. Bc4 Bc5 4. O-O d6 5. h3 Nf6 6. d3 d5 7. exd5 Nxd5 8. a3
O-O 9. b4 Bb6 10. Bg5 Qd6 11. Nbd2 Nd4 12. Ne4 Qd7 13. Nxe5 Qf5 14. Nf3 Nf4 15.
Bxf4 Qxf4 16. Nxd4 Bxd4 17. c3 Be5 18. g3 Qf5 19. Qg4 Qxg4 20. hxg4 Bxg4 21. d4
Bd6 22. Kg2 Be6 23. Be2 Bd5 24. Bf3 Bxe4 25. Bxe4 c6 26. Rh1 f5 27. Bd3 g6 28.
Rae1 Rfe8 29. f3 Kg7 30. a4 a6 31. Kf2 Re7 32. Rxe7+ Bxe7 33. Re1 Kf7 34. Bc4+
Kf8 35. Rh1 h5 36. Re1 Re8 37. Re6 Kg7 38. d5 cxd5 39. Bxd5 Rd8 40. Rxe7+ Kf6
41. Re6+ Kf7 42. Bb3 Kf8 43. Rxg6 Rd2+ 44. Ke3 1-0

[Event "60. BEM 2006"]
[Site "Dortmund"]
[Date "2006.03.07"]
[Round "2.24"]
[White "Sroka, Andreas"]
[Black "Stiebel, Erhard"]
[Result "1-0"]
[WhiteElo "1342"]
[BlackElo "1548"]
[PlyCount "55"]
[EventDate "2006.??.??"]
[Source "SG Dortmund"]
[SourceDate "2004.12.16"]

1. Nf3 d5 2. c4 e6 3. g3 Nf6 4. Bg2 c6 5. b3 Be7 6. O-O O-O 7. Bb2 Nbd7 8. d4
b6 9. Nbd2 Bb7 10. Rc1 Rc8 11. Ne1 c5 12. Nd3 cxd4 13. Bxd4 Ba8 14. Rc2 Bd6 15.
cxd5 Bxd5 16. e4 e5 17. Bxe5 Bxe4 18. Bxf6 Bxd3 19. Bxd8 Bxc2 20. Qe2 Rfxd8 21.
Nc4 Bb8 22. Qxc2 b5 23. Rd1 bxc4 24. Bh3 cxb3 25. Qxb3 Nf6 26. Bxc8 Rxc8 27.
Qd3 Bc7 28. Rc1 1-0

[Event "60. BEM 2006"]
[Site "Dortmund"]
[Date "2006.03.07"]
[Round "2.26"]
[White "Bötzel, Sascha"]
[Black "Schrimpl, Michael"]
[Result "1/2-1/2"]
[WhiteElo "1300"]
[BlackElo "1497"]
[PlyCount "55"]
[EventDate "2006.??.??"]
[Source "SG Dortmund"]
[SourceDate "2004.12.16"]

1. d4 Nf6 2. c4 e6 3. Nc3 Bb4 4. Bg5 h6 5. Bh4 c5 6. a3 Bxc3+ 7. bxc3 g5 8. Bg3
Nc6 9. d5 Ne7 10. Be5 Ng6 11. Bxf6 Qxf6 12. Qd2 Ne5 13. e3 b6 14. Be2 Ba6 15.
Nf3 Bxc4 16. Nxe5 Bxe2 17. Kxe2 Qxe5 18. dxe6 Qxe6 19. f3 f5 20. Rhe1 Rd8 21.
Kf2 O-O 22. e4 fxe4 23. Rxe4 Qf5 24. Rae1 Rf7 25. Re8+ Rxe8 26. Rxe8+ Rf8 27.
Rxf8+ Kxf8 28. Qd6+ 1/2-1/2

[Event "60. BEM 2006"]
[Site "Dortmund"]
[Date "2006.03.07"]
[Round "2.27"]
[White "Ruchay, Dietrich"]
[Black "Wengelnik, Erwin"]
[Result "1-0"]
[WhiteElo "1490"]
[BlackElo "1238"]
[PlyCount "95"]
[EventDate "2006.??.??"]
[Source "SG Dortmund"]
[SourceDate "2004.12.16"]

1. d4 d5 2. Nf3 Nf6 3. c4 c6 4. Nc3 Bf5 5. e3 e6 6. Bd3 Bxd3 7. Qxd3 Be7 8.
cxd5 exd5 9. O-O O-O 10. a3 h6 11. b4 a6 12. Bb2 Re8 13. Rfe1 Nbd7 14. Rac1 Nb6
15. Nd2 Bf8 16. e4 dxe4 17. Ncxe4 Nbd5 18. Nxf6+ Nxf6 19. Qf3 Be7 20. Nc4 Rb8
21. Re2 Bd6 22. Rce1 Rxe2 23. Rxe2 Bc7 24. g3 Qd7 25. Ne5 Bxe5 26. dxe5 Qd1+
27. Kg2 Nd5 28. e6 fxe6 29. Rxe6 Qxf3+ 30. Kxf3 Rf8+ 31. Kg2 Rf7 32. h4 Kf8 33.
Bd4 Re7 34. Bc5 Kf7 35. Rxe7+ Nxe7 36. Kf3 Nd5 37. Bd4 g6 38. g4 b6 39. Ke4 Ke6
40. f4 a5 41. f5+ gxf5+ 42. gxf5+ Kf7 43. b5 Nf6+ 44. Bxf6 Kxf6 45. bxc6 Ke7
46. Kd5 b5 47. c7 Kd7 48. f6 1-0

[Event "60. BEM 2006"]
[Site "Dortmund"]
[Date "2006.03.07"]
[Round "2.28"]
[White "Schoppe, Hans-Werner"]
[Black "Grawe, Herbert"]
[Result "1/2-1/2"]
[WhiteElo "1267"]
[BlackElo "1477"]
[PlyCount "121"]
[EventDate "2006.??.??"]
[Source "SG Dortmund"]
[SourceDate "2004.12.16"]

1. Nf3 Nc6 2. d4 e6 3. Bf4 Nce7 4. h3 Ng6 5. Bh2 Nf6 6. e3 c5 7. c3 cxd4 8.
Nxd4 a6 9. Nd2 Bc5 10. Bd3 O-O 11. O-O d5 12. N2f3 Nd7 13. b4 Ba7 14. c4 e5 15.
Bxg6 exd4 16. Bc2 dxe3 17. c5 exf2+ 18. Kh1 Nf6 19. Bd6 Re8 20. Rxf2 Ne4 21.
Bxe4 dxe4 22. Ne5 Be6 23. Qh5 g6 24. Qh6 Re7 25. Raf1 f5 26. h4 Rg7 27. g3 Bb8
28. Rd2 Bxd6 29. Rxd6 Qf6 30. Qf4 Rf8 31. c6 bxc6 32. Rxc6 Qe7 33. Rc5 g5 34.
hxg5 Rxg5 35. Qe3 Qg7 36. Kg2 h5 37. Rf4 Kh7 38. a3 Rg8 39. Rc3 Qh6 40. Qf2 h4
41. Rc7+ Kh8 42. g4 Bd5 43. Kh3 fxg4+ 44. Nxg4 Be6 45. Qd4+ R5g7 46. Rxe4 Rf8
47. Qxg7+ Qxg7 48. Rxg7 Kxg7 49. Rxe6 Rf3+ 50. Kxh4 Rxa3 51. Rb6 Kf7 52. Ne5+
Ke7 53. Kg4 Ra4 54. Kf5 Kd8 55. Ke6 Kc7 56. Rc6+ Kb7 57. Rc4 a5 58. Nd3 Kb6 59.
Kd5 axb4 60. Rxb4+ Rxb4 61. Nxb4 1/2-1/2

[Event "60. BEM 2006"]
[Site "Dortmund"]
[Date "2006.03.07"]
[Round "2.29"]
[White "Zabel, Reinhard"]
[Black "Marienfeld, Udo"]
[Result "1-0"]
[WhiteElo "1466"]
[BlackElo "1220"]
[PlyCount "117"]
[EventDate "2006.??.??"]
[Source "SG Dortmund"]
[SourceDate "2004.12.16"]

1. e4 c5 2. c3 Nc6 3. d4 cxd4 4. cxd4 e6 5. Nf3 d5 6. e5 Bd7 7. Be2 Bb4+ 8. Bd2
Bxd2+ 9. Qxd2 Qb6 10. Nc3 Nge7 11. Bb5 a6 12. Bxc6 Bxc6 13. O-O h6 14. b3 Qb4
15. Ne4 Qxd2 16. Nd6+ Kd7 17. Nxd2 Rhf8 18. f4 Nc8 19. Nxc8 Raxc8 20. Rac1 Bb5
21. Rfe1 Rxc1 22. Rxc1 Rc8 23. Rxc8 Kxc8 24. Kf2 Bd3 25. Ke3 Bf5 26. b4 Kc7 27.
Nb3 b6 28. Kd2 Kc6 29. a4 Be4 30. g3 h5 31. Kc3 Bf3 32. Kd2 Bg2 33. a5 bxa5 34.
Nxa5+ Kb5 35. Kc3 Kb6 36. Nb3 Bf1 37. Nc5 a5 38. bxa5+ Kxa5 39. Nb7+ Kb6 40.
Nd8 Bh3 41. Nxf7 Bg4 42. Nd6 Kc6 43. Ne8 g6 44. Nf6 Bf5 45. Ng8 Bh3 46. Ne7+
Kd7 47. Nxg6 Ke8 48. Kd2 Kf7 49. Nh4 Bg4 50. Ke3 Kg7 51. Nf3 Kg6 52. Nh4+ Kh6
53. Kf2 Bh3 54. Nf3 Kg6 55. Ng5 Bf5 56. h3 Kh6 57. Kf3 Kg6 58. g4 hxg4+ 59.
hxg4 1-0

[Event "60. BEM 2006"]
[Site "Dortmund"]
[Date "2006.03.07"]
[Round "2.30"]
[White "Hansen, Jochen"]
[Black "Skoecz, Horst"]
[Result "0-1"]
[WhiteElo "1232"]
[BlackElo "1456"]
[PlyCount "100"]
[EventDate "2006.??.??"]
[Source "SG Dortmund"]
[SourceDate "2004.12.16"]

1. e4 e5 2. Nf3 Nf6 3. Nc3 Nc6 4. d4 exd4 5. Nxd4 Nxd4 6. Qxd4 Qe7 7. Bg5 Qc5
8. Bxf6 gxf6 9. Qxf6 Rg8 10. Nd5 Bg7 11. Qf5 Qa5+ 12. c3 c6 13. Nf6+ Bxf6 14.
Qxf6 d5 15. Qe5+ Be6 16. exd5 Qxd5 17. Qxd5 cxd5 18. O-O-O O-O-O 19. Rd4 Rg5
20. g3 Re5 21. Bg2 Re2 22. Rf1 Bf5 23. Rd2 Rde8 24. Kd1 R2e5 25. Rxd5 Rxd5+ 26.
Bxd5 Rd8 27. c4 Bd3 28. Re1 Bxc4 29. Re5 Bxd5 30. a3 Be6+ 31. Kc1 Bb3 32. Re1
a5 33. f3 Rd7 34. Re8+ Kc7 35. Re1 Kb8 36. Re8+ Ka7 37. Re1 Rc7+ 38. Kb1 Rc2
39. h4 Rg2 40. g4 Rg3 41. Rf1 Bd5 42. g5 Rh3 43. Rd1 Bxf3 44. Rd7 Bh5 45. Rd4
Bg6+ 46. Ka2 Ka6 47. Rd6+ b6 48. Rd4 Bf5 49. a4 Be6+ 50. Kb1 Bb3 0-1

[Event "60. BEM 2006"]
[Site "Dortmund"]
[Date "2006.03.07"]
[Round "2.31"]
[White "Schröder, Marcel"]
[Black "Hast, Stefan"]
[Result "1-0"]
[WhiteElo "1452"]
[BlackElo "1169"]
[PlyCount "53"]
[EventDate "2006.??.??"]
[Source "SG Dortmund"]
[SourceDate "2004.12.16"]

1. e4 e5 2. Nf3 Nc6 3. d4 exd4 4. Nxd4 Nxd4 5. Qxd4 c5 6. Qd1 g6 7. Bc4 Bg7 8.
c3 Qe7 9. O-O Nh6 10. Bf4 O-O 11. Bd6 Qxe4 12. Bxf8 Kxf8 13. Qd6+ Qe7 14. Qxe7+
Kxe7 15. Nd2 f5 16. Nb3 b6 17. Rfe1+ Kf8 18. Bd5 Rb8 19. h3 Bb7 20. Bxb7 Rxb7
21. Rad1 Ng8 22. a4 Nf6 23. a5 bxa5 24. Nxc5 Rxb2 25. Nxd7+ Nxd7 26. Rxd7 Bxc3
27. Rc1 1-0

[Event "60. BEM 2006"]
[Site "Dortmund"]
[Date "2006.03.07"]
[Round "2.32"]
[White "Fahle, Karl-Wilhelm"]
[Black "Jentzsch, Werner Wilfried"]
[Result "0-1"]
[WhiteElo "1185"]
[BlackElo "1429"]
[PlyCount "105"]
[EventDate "2006.??.??"]
[Source "SG Dortmund"]
[SourceDate "2004.12.16"]

1. e4 e6 2. d4 d5 3. Nd2 c5 4. exd5 Qxd5 5. Ngf3 cxd4 6. Bc4 Qc5 7. Qe2 Nc6 8.
Nb3 Qb4+ 9. Bd2 Qb6 10. O-O-O Bc5 11. Bb5 Bd7 12. Bxc6 Qxc6 13. Bf4 Rc8 14. Kb1
Ne7 15. Rd3 Nd5 16. Qe5 Nxf4 17. Qxf4 O-O 18. Re1 Bd6 19. Nfxd4 Bxf4 20. Nxc6
Bxc6 21. Nd4 Bxg2 22. f3 Bh3 23. Rg1 Be5 24. Nb5 Bf5 25. Nd6 Bxd6 26. Rxd6 Rxc2
27. Ka1 Rfc8 28. b3 Rxh2 29. Rgd1 h5 30. Rd8+ Rxd8 31. Rxd8+ Kh7 32. Rd7 Rh1+
33. Kb2 Rb1+ 34. Ka3 b5 35. Rxf7 h4 36. Rd7 h3 37. Rd2 Rg1 38. Rd4 a5 39. Rh4+
Kg6 40. Rh8 Rg2 41. Rb8 Bb1 42. b4 Rxa2+ 43. Kb3 a4+ 44. Kc3 Rc2+ 45. Kd4 h2
46. Rh8 a3 47. Ke5 a2 48. Kxe6 a1=Q 49. f4 Qf6+ 50. Kd5 Ba2+ 51. Ke4 Qe6+ 52.
Kf3 Bd5+ 53. Kg3 0-1

[Event "60. BEM 2006"]
[Site "Dortmund"]
[Date "2006.03.07"]
[Round "2.34"]
[White "Müller, Michaela"]
[Black "Gegner, Michael"]
[Result "0-1"]
[WhiteElo "1098"]
[BlackElo "1412"]
[PlyCount "66"]
[EventDate "2006.??.??"]
[Source "SG Dortmund"]
[SourceDate "2004.12.16"]

1. d4 d5 2. e4 dxe4 3. Nc3 Nf6 4. f3 exf3 5. Nxf3 g6 6. Be3 Bg7 7. h3 h5 8. Qd2
Nbd7 9. O-O-O Nb6 10. Bb5+ c6 11. Ba4 Nfd5 12. Bb3 Nxe3 13. Qxe3 Bh6 14. Ng5 f6
15. h4 fxg5 16. hxg5 Bg7 17. Kb1 Bf5 18. Rhe1 Qd7 19. Qf4 O-O-O 20. Ne2 Rhf8
21. Qe3 Nd5 22. Bxd5 cxd5 23. Rd2 Rf7 24. Ka1 Rdf8 25. Nf4 Be4 26. g3 h4 27.
Rf1 h3 28. c3 Qg4 29. Rdf2 Qxg5 30. Rh2 Qg4 31. Qe1 g5 32. Rg1 gxf4 33. gxf4
Qxf4 0-1

[Event "60. BEM 2006"]
[Site "Dortmund"]
[Date "2006.03.09"]
[Round "3.1"]
[White "Büchle, Manfred"]
[Black "Eismont, Igor"]
[Result "0-1"]
[WhiteElo "1908"]
[BlackElo "2239"]
[PlyCount "110"]
[EventDate "2006.??.??"]
[Source "SG Dortmund"]
[SourceDate "2004.12.16"]

1. e4 c6 2. d4 d5 3. exd5 cxd5 4. Bd3 Nc6 5. c3 Nf6 6. h3 g6 7. Nf3 Bg7 8. Bf4
O-O 9. O-O Bf5 10. Bxf5 gxf5 11. Ne5 Nxe5 12. dxe5 Ne4 13. Qd4 e6 14. f3 Nd6
15. Na3 Qa5 16. Qf2 Nc4 17. Nxc4 dxc4 18. Rfd1 Rfd8 19. a3 h6 20. Kh1 Kh7 21.
Qe2 Qa4 22. Bg3 Rac8 23. f4 a6 24. Bh4 Rd3 25. Rxd3 cxd3 26. Qxd3 Qxf4 27. Bg3
Qg5 28. Rf1 Rd8 29. Qf3 Rd5 30. Bf4 Qd8 31. c4 Rd7 32. Rc1 Qb6 33. b4 Qd4 34.
Qg3 Qe4 35. Qf3 Qxf3 36. gxf3 Rd3 37. Kg2 Rxa3 38. Rb1 Rc3 39. c5 Rc4 40. Kg3
Kg8 41. b5 Rxc5 42. bxa6 bxa6 43. Rb8+ Kh7 44. Rb7 Kg6 45. Ra7 Ra5 46. Kf2 Ra2+
47. Ke3 a5 48. Bg3 a4 49. f4 a3 50. Be1 Bf8 51. Kd3 Rb2 52. Bc3 Rh2 53. Ra8
Rxh3+ 54. Kc4 Kg7 55. Bd2 h5 0-1

[Event "60. BEM 2006"]
[Site "Dortmund"]
[Date "2006.03.09"]
[Round "3.2"]
[White "Goldschmidt, Christian"]
[Black "Zeldin, Vitali"]
[Result "0-1"]
[WhiteElo "2085"]
[BlackElo "1886"]
[PlyCount "120"]
[EventDate "2006.??.??"]
[Source "SG Dortmund"]
[SourceDate "2004.12.16"]

1. e4 c5 2. c4 Nc6 3. Ne2 g6 4. d4 cxd4 5. Nxd4 Bg7 6. Be3 Nf6 7. Nc3 O-O 8.
Be2 d6 9. O-O Bd7 10. Rc1 a6 11. f3 Rc8 12. Qd2 Re8 13. Rfd1 Ne5 14. b3 Bc6 15.
Nxc6 Rxc6 16. Nd5 Nxd5 17. cxd5 Rxc1 18. Rxc1 h5 19. a4 Qd7 20. Qc2 e6 21. Qc7
Re7 22. Qxd7 Rxd7 23. f4 Ng4 24. Bxg4 hxg4 25. Rc8+ Kh7 26. dxe6 fxe6 27. Re8
e5 28. Rb8 Rc7 29. Kf2 Rc2+ 30. Kf1 Rc3 31. fxe5 Rxe3 {unklarheiten} 32. exd6
Rd3 33. Rxb7 Rxd6 34. Ke2 Kh6 35. a5 Be5 36. h3 gxh3 37. gxh3 Kg5 38. b4 Kf4
39. b5 axb5 40. Rxb5 Kxe4 41. h4 Rf6 42. h5 g5 43. Rb4+ Bd4 44. Ra4 Ra6 45. Kf1
Ke5 46. Kg2 Bc3 47. Rc4 Bxa5 48. Rc5+ Kf6 49. h6 Bd2 50. h7 Kg7 51. Rc7+ Kh8
52. Kf3 Rh6 53. Kg4 Rg6 54. Kf5 Rg7 55. Rc2 Bf4 56. Rc3 Kxh7 57. Rh3+ Kg8 58.
Rb3 Bd6 59. Kg4 Be7 60. Rb7 Kf7 0-1

[Event "60. BEM 2006"]
[Site "Dortmund"]
[Date "2006.03.09"]
[Round "3.3"]
[White "Barskij, Aleksandr"]
[Black "Tkachuk, Sergiy"]
[Result "1/2-1/2"]
[WhiteElo "1891"]
[BlackElo "2068"]
[PlyCount "54"]
[EventDate "2006.??.??"]
[Source "SG Dortmund"]
[SourceDate "2004.12.16"]

1. e4 c5 2. Nf3 d6 3. d4 cxd4 4. Nxd4 Nf6 5. Nc3 g6 6. Be3 Bg7 7. f3 O-O 8. Qd2
Nc6 9. O-O-O d5 10. exd5 Nxd5 11. Nxc6 bxc6 12. Bd4 e5 13. Bc5 Be6 14. Ne4 Re8
15. h4 h6 16. g4 a5 17. g5 h5 18. a4 Qc7 19. Bc4 Rad8 20. Qf2 Rd7 21. Rd2 Rb8
22. Re1 Bf5 23. Red1 Qb7 24. b3 Rbd8 25. Ba3 Qb8 26. Bc5 Be6 27. Rd3 Kh8
1/2-1/2

[Event "60. BEM 2006"]
[Site "Dortmund"]
[Date "2006.03.09"]
[Round "3.5"]
[White "Zimmermann, Dirk"]
[Black "Ziperstein, Jakob"]
[Result "1/2-1/2"]
[WhiteElo "2006"]
[BlackElo "1838"]
[PlyCount "103"]
[EventDate "2006.??.??"]
[Source "SG Dortmund"]
[SourceDate "2004.12.16"]

1. e4 g6 2. d4 Bg7 3. Nc3 d6 4. Be3 Nf6 5. f3 O-O 6. Qd2 a6 7. Nge2 b5 8. Nc1
Nbd7 9. Nb3 Nb6 10. Na5 Bd7 11. Be2 c6 12. b4 Qc7 13. O-O Nh5 14. Rad1 Rac8 15.
g4 Nf6 16. Bf2 h6 17. Qe3 Nh7 18. Bd3 c5 19. dxc5 dxc5 20. bxc5 Na8 21. Nd5
Qxa5 22. Nxe7+ Kh8 23. Nxc8 Bxc8 24. c4 Ng5 25. f4 Nh7 26. h3 Be6 27. cxb5 axb5
28. Qe2 b4 29. Bc4 Nc7 30. f5 Bxc4 31. Qxc4 Qb5 32. Rc1 Ng5 33. Bd4 Qxc4 34.
Bxg7+ Kxg7 35. Rxc4 Re8 36. Rxb4 Nxe4 37. c6 g5 38. Rd1 Nc5 39. a4 Ra8 40. Rd6
Ra5 41. Rb7 N5a6 42. Rd7 Rxa4 43. Rbxc7 Nxc7 44. Rxc7 Rc4 45. Kf2 Kf6 46. Rc8
Ke5 47. c7 Kd6 48. Rh8 Rxc7 49. Rxh6+ Ke5 50. Ra6 Rc2+ 51. Kg3 Rc3+ 52. Kg2
1/2-1/2